Statistics for All Countries of the World by GDP with Hints

Click here to take the quiz!

General Stats

  • This quiz has been taken 44 times
  • The average score is 118 of 195

Answers on the Map

Answers color-coded by a green-red scale on the quiz's map according to % correct below.
 

Answer Stats

ContinentGDPCountry% Correct
Asia$6,110,075,000,000Japan
100%
Asia$30,177,926,000,000China
97%
Europe$5,269,963,000,000Germany
97%
Asia$11,745,260,000,000India
97%
N. America$25,346,805,000,000United States
97%
S. America$3,680,942,000,000Brazil
95%
Europe$4,365,443,000,000Russia
95%
Europe$3,677,579,000,000France
92%
Asia$3,995,064,000,000Indonesia
92%
N. America$2,890,685,000,000Mexico
92%
Europe$3,751,845,000,000United Kingdom
92%
Oceania$1,605,196,000,000Australia
89%
N. America$2,236,928,000,000Canada
89%
Europe$2,972,091,000,000Italy
89%
Asia$3,212,072,000,000Turkey
89%
Asia$2,002,542,000,000Saudi Arabia
86%
Asia$2,735,870,000,000South Korea
86%
Europe$2,209,419,000,000Spain
86%
Africa$1,562,377,000,000Egypt
84%
Asia$1,573,467,000,000Iran
84%
Europe$1,575,777,000,000Poland
84%
Asia$1,475,656,000,000Thailand
84%
Europe$1,201,755,000,000Netherlands
81%
Asia$1,603,723,000,000Taiwan
81%
S. America$1,195,581,000,000Argentina
78%
Europe$582,127,000,000Austria
78%
S. America$940,589,000,000Colombia
78%
Africa$1,268,536,000,000Nigeria
78%
Asia$1,468,862,000,000Pakistan
78%
Africa$937,964,000,000South Africa
78%
Europe$674,263,000,000Sweden
78%
Europe$739,494,000,000Switzerland
78%
Asia$1,278,061,000,000Vietnam
78%
Europe$715,658,000,000Belgium
76%
S. America$568,319,000,000Chile
76%
Europe$509,953,000,000Czech Republic
76%
Europe$406,011,000,000Denmark
76%
Europe$398,278,000,000Hungary
76%
Europe$633,533,000,000Ireland
76%
Asia$1,089,499,000,000Malaysia
76%
Europe$423,871,000,000Norway
76%
S. America$513,715,000,000Peru
76%
Asia$1,143,862,000,000Philippines
76%
Europe$419,652,000,000Portugal
76%
Europe$707,747,000,000Romania
76%
Asia$779,234,000,000United Arab Emirates
76%
Africa$586,175,000,000Algeria
73%
Asia$1,113,600,000,000Bangladesh
73%
Europe$378,693,000,000Greece
73%
Asia$512,926,000,000Iraq
73%
Asia$590,370,000,000Kazakhstan
73%
Europe$588,433,000,000Ukraine
73%
Africa$345,138,000,000Ethiopia
70%
Europe$321,233,000,000Finland
70%
Asia$478,010,000,000Israel
70%
Oceania$260,122,000,000New Zealand
70%
S. America$117,877,000,000Bolivia
68%
N. America$134,800,000,000Cuba
68%
N. America$254,992,000,000Dominican Republic
68%
S. America$228,025,000,000Ecuador
68%
N. America$185,473,000,000Guatemala
68%
S. America$107,554,000,000Paraguay
68%
Asia$701,804,000,000Singapore
68%
Europe$211,119,000,000Slovakia
68%
S. America$94,783,000,000Uruguay
68%
S. America$160,132,000,000Venezuela
68%
Europe$201,749,000,000Belarus
65%
Europe$195,399,000,000Bulgaria
65%
N. America$128,134,000,000Costa Rica
65%
Europe$145,032,000,000Croatia
65%
Africa$308,671,000,000Kenya
65%
Europe$129,658,000,000Lithuania
65%
Europe$90,532,000,000Luxembourg
65%
Africa$331,542,000,000Morocco
65%
N. America$158,608,000,000Panama
65%
Europe$163,599,000,000Serbia
65%
Europe$102,424,000,000Slovenia
65%
Asia$340,861,000,000Sri Lanka
65%
Africa$242,286,000,000Angola
62%
Asia$175,658,000,000Azerbaijan
62%
Asia$245,182,000,000Kuwait
62%
Asia$257,343,000,000Myanmar
62%
Asia$138,200,000,000Nepal
62%
N. America$46,757,000,000Nicaragua
62%
Asia$301,231,000,000Qatar
62%
Asia$326,015,000,000Uzbekistan
62%
Europe$49,827,000,000Albania
59%
Europe$60,679,000,000Bosnia and Herzegovina
59%
Africa$127,384,000,000D. R. Congo
59%
N. America$69,314,000,000El Salvador
59%
Europe$59,557,000,000Estonia
59%
N. America$69,388,000,000Honduras
59%
Europe$70,532,000,000Latvia
59%
Asia$165,947,000,000Oman
59%
Africa$207,336,000,000Sudan
59%
Africa$206,568,000,000Tanzania
59%
Asia$117,672,000,000Turkmenistan
59%
Europe$5,157,000,000Andorra
57%
Asia$87,856,000,000Cambodia
57%
Africa$216,676,000,000Ghana
57%
S. America$30,287,000,000Guyana
57%
Africa$180,059,000,000Ivory Coast
57%
Asia$122,180,000,000Jordan
57%
Europe$4,978,000,000Liechtenstein
57%
Europe$42,483,000,000Moldova
57%
Europe$7,672,000,000Monaco
57%
Europe$40,810,000,000North Macedonia
57%
Oceania$39,339,000,000Papua New Guinea
57%
S. America$10,676,000,000Suriname
57%
Africa$149,184,000,000Tunisia
57%
N. America$2,206,000,000Antigua and Barbuda
54%
N. America$15,854,000,000Bahamas
54%
N. America$5,037,000,000Barbados
54%
N. America$3,148,000,000Belize
54%
Oceania$12,370,000,000Fiji
54%
N. America$2,081,000,000Grenada
54%
N. America$38,476,000,000Haiti
54%
Europe$24,197,000,000Iceland
54%
N. America$32,378,000,000Jamaica
54%
Europe$25,189,000,000Kosovo
54%
Europe$28,486,000,000Malta
54%
Europe$15,476,000,000Montenegro
54%
N. America$1,360,000,000Saint Kitts and Nevis
54%
N. America$2,780,000,000Saint Lucia
54%
Oceania$1,193,000,000Samoa
54%
Oceania$1,705,000,000Solomon Islands
54%
N. America$785,000,000St. Vincent and the Grenadines
54%
N. America$42,259,000,000Trinidad and Tobago
54%
Africa$129,476,000,000Uganda
54%
Asia$80,912,000,000Afghanistan
51%
N. America$1,074,000,000Dominica
51%
Oceania$383,000,000F. S. Micronesia
51%
Oceania$266,000,000Kiribati
51%
Asia$82,144,000,000Lebanon
51%
Oceania$235,000,000Marshall Islands
51%
Oceania$144,000,000Nauru
51%
Oceania$243,000,000Palau
51%
Europe$2,387,000,000San Marino
51%
Asia$50,280,000,000Syria
51%
Oceania$678,000,000Tonga
51%
Oceania$63,000,000Tuvalu
51%
Oceania$920,000,000Vanuatu
51%
Asia$87,150,000,000Bahrain
49%
Africa$122,764,000,000Cameroon
49%
Africa$4,413,000,000Cape Verde
49%
Africa$3,206,000,000Comoros
49%
Africa$6,774,000,000Djibouti
49%
Asia$69,136,000,000Georgia
49%
Asia$68,703,000,000Laos
49%
Africa$124,326,000,000Libya
49%
Africa$3,489,000,000Seychelles
49%
Asia$65,603,000,000Yemen
49%
Asia$46,864,000,000Armenia
46%
Africa$47,262,000,000Botswana
46%
Asia$33,389,000,000Brunei
46%
Asia$4,573,000,000East Timor
46%
Africa$5,279,000,000Guinea-Bissau
46%
Asia$37,792,000,000Kyrgyzstan
46%
Asia$46,421,000,000Mongolia
46%
Asia$40,000,000,000North Korea
46%
Africa$1,063,000,000São Tomé and Príncipe
46%
Africa$75,690,000,000Zambia
46%
Asia$9,853,000,000Bhutan
43%
Asia$43,802,000,000Cyprus
43%
Africa$6,792,000,000Gambia
43%
Africa$6,408,000,000Lesotho
43%
Africa$51,521,000,000Madagascar
43%
Asia$11,385,000,000Maldives
43%
Africa$47,606,000,000Mozambique
43%
Africa$72,341,000,000Senegal
43%
Asia$45,540,000,000Tajikistan
43%
Africa$53,108,000,000Benin
41%
Africa$58,985,000,000Burkina Faso
41%
Africa$10,779,000,000Burundi
41%
Africa$44,455,000,000Guinea
41%
Africa$55,335,000,000Mali
41%
Africa$22,612,000,000Togo
41%
Africa$39,906,000,000Zimbabwe
41%
Africa$5,528,000,000Central African Republic
38%
Africa$7,695,000,000Eritrea
38%
Africa$11,985,000,000Eswatini
38%
Africa$38,574,000,000Gabon
38%
Africa$35,409,000,000Malawi
38%
Africa$37,423,000,000Niger
38%
Africa$22,519,000,000Republic of the Congo
38%
Africa$37,211,000,000Rwanda
38%
Africa$13,533,000,000South Sudan
38%
Africa$29,684,000,000Chad
35%
Africa$28,522,000,000Equatorial Guinea
35%
Africa$8,776,000,000Liberia
35%
Africa$29,993,000,000Mauritania
35%
Africa$31,720,000,000Mauritius
35%
Africa$27,118,000,000Namibia
35%
Africa$16,277,000,000Sierra Leone
35%
Africa$20,641,000,000Somalia
35%

Score Distribution

Percentile by Number Answered

Percent of People with Each Score

Your Score History

You have not taken this quiz